000 00611nam a2200229Ia 4500
003 OSt
005 20221005124238.0
006 a|||||r|||| 00| 0
007 ta
008 221004b |||||||| |||| 00| 0 guj d
024 _a46482
037 _cTextual
040 _aCRL
_cCRL
_bguj
041 _2guj
_aguj
082 _aO15601,1J03x, K2
100 _aTrivadi Bhupender Balkrishan Au.
_9634910
245 0 _aMiranan pado
260 _c1962
650 _aGUJRATI LITERATURE
942 _hO15601,1J03x, K2
_cTEXL
_2cc
999 _c1049868
_d1049868